Country and Capital with initials - Statistics

General Stats
  • This quiz has been taken 11 times
  • The average score is 15 of 30
Answer Stats
Person Country / Capital % Correct
Hilarie Burton Hungary / Budapest
90%
Andrew Yang Armenia / Yerevan
70%
China / Beijing
70%
Chester Bennington Colombia / Bogota
70%
George Clooney Guinea / Conakry
70%
David Queen Doha / Qatar
60%
Damián Quintero Doha / Qatar
60%
Paul Walker Poland / Warsaw
60%
Tristan Thompson Tunis / Tunisia
60%
Berlin / Germany
50%
Brad Keselowski Bishkek / Kyrgyzstan
50%
Franco Harris Finland / Helsinki
50%
Louis Vuitton Lithuania / Vilnius
50%
Taiwan / Taipei
50%
Antwon Tanner Tirana / Albania
50%
Austin Nichols Abuja / Nigeria
40%
Ankara / Turkey
40%
Ashgabat / Turkmenistan
40%
Comoros / Moroni
40%
Gambia / Banjul
40%
Kate Nash Kathmandu / Nepal
40%
Liechtenstein / Vaduz
40%
Óscar Cardozo Ottawa / Canada
40%
Robert Buckley Romania / Bucharest
40%
Vientiane / Laos
40%
Greg Barker Gaborone / Botswana
30%
Katy Perry Kosovo / Pristina
30%
Mariah Carey Moldova / Chisinau
30%
Peter Van Vossen Port-Vila / Vanuatu
30%
Congo / Brazzaville
20%
No matching quizzes found
Score Distribution
Percent of People with Each Score
Percentile by Number Answered
Your Score History
You have not taken this quiz